000 01329nam a22002417a 4500
999 _c19899
_d19899
005 20251125232919.0
008 s2542 th tha d
040 _aNALT
041 _atha
245 1 0 _aรัฐธรรมนูญของเรา : สิทธิในทางการเมือง ระบบการเมืองใหม่ /[2nd]
260 3 _aกรุงเทพฯ :
_bศูนย์ผลิตเอกสารและเผยแพร่ กรมประชาสัมพันธ์,
_c2542
300 _a69 หน้า :
_b ภาพประกอบ ;
_c 19 ซม.
650 0 4 _aการมีส่วนร่วมทางการเมือง -- ไทย
650 0 4 _aรัฐธรรมนูญ -- ไทย -- 2540 -- การตีความ
650 0 4 _aรัฐธรรมนูญ -- ไทย -- 2540 -- คำอธิบาย
650 0 4 _aไทย -- รัฐธรรมนูญ -- 2540 -- การตีความ
650 0 4 _aไทย -- รัฐธรรมนูญ -- 2540 -- คำอธิบาย
850 _aNALT
856 4 0 _uhttps://hdl.handle.net/20.500.14156/409382
942 _cLB
_2lcc
998 _j25
_k นีลวัสน์ อินทรักษา
090 _aKD52 ป238ร 2542